| 000 | 00709nam a22002057a 4500 | ||
|---|---|---|---|
| 008 | 160318b xxu||||| |||| 00| 0 eng d | ||
| 020 | _a978-1-84392-703-7 | ||
| 082 |
_22010 _aDC 364.1 _bSt29 |
||
| 245 |
_aState crime in the global age/ _cEdited by William J. Chambliss [ and two others]. |
||
| 260 |
_aUK: _bWillan Publishing House, _c©2010. |
||
| 300 |
_axiv, 306 pages; _c23 cm. |
||
| 500 | _aIncludes bibliographical references and index. | ||
| 650 | 0 |
_93927 _aPolitical crimes and offenses |
|
| 650 | 0 |
_93928 _aPolitical corruption |
|
| 650 | 0 |
_93929 _aPolitical atrocities |
|
| 700 |
_93930 _aMichalowski, Raymond |
||
| 700 |
_93931 _aKramer, Ronald C. |
||
| 365 |
_b3,455.00 _cPhp |
||
| 942 |
_2ddc _cDC |
||
| 999 |
_c1329 _d1329 |
||